Every Player that Hit a HR for the Red Sox in 2023 - Statistics

General Stats
  • This quiz has been taken 44 times
  • The average score is 13 of 21
Answer Stats
POS HR Player % Correct
3B 33 Rafael Devers
100%
1B 24 Triston Casas
97%
C 9 Connor Wong
93%
LF/CF 8 Jarren Duran
90%
LF 15 Masataka Yoshida
86%
C 1 Reese McGuire
83%
3B/DH 23 Justin Turner
79%
SS 3 Trevor Story
76%
LF/RF 13 Alex Verdugo
62%
2B 6 Enmanuel Valdez
62%
3B/1B 1 Bobby Dalbec
55%
RF 2 Wilyer Abreu
55%
CF 2 Ceddanne Rafaela
52%
OF 1 Rob Refsnyder
52%
UTIL 6 Enrique Hernandez
48%
OF/DH 21 Adam Duvall
45%
INF 2 Pablo Reyes
38%
2B 3 Christian Arroyo
34%
2B/SS 6 Yu Chang
21%
3B/2B 2 Luis Urias
17%
RF 1 Ramiel Tapia
10%
No matching quizzes found
Score Distribution
Percent of People with Each Score
Percentile by Number Answered
Your Score History
You have not taken this quiz